Effect of inoculum size and age of trees on root disease infection of Hevea brasiliensis (Record no. 57901)

MARC details
000 -LEADER
fixed length control field 00468nam a2200157Ia 4500
100 ## - MAIN ENTRY--AUTHOR NAME
Personal name John K P
245 #0 - TITLE STATEMENT
Title Effect of inoculum size and age of trees on root disease infection of Hevea brasiliensis
260 ## - PUBLICATION, DISTRIBUTION, ETC. (IMPRINT)
Name of publisher Journal of the Rubber Research Institute of Malaya
Year of publication 1966
300 ## - PHYSICAL DESCRIPTION
Number of Pages 226-230
650 ## - SUBJECT ADDED ENTRY--TOPICAL TERM
Topical Term Age
650 ## - SUBJECT ADDED ENTRY--TOPICAL TERM
Topical Term Hevea brasiliensis
650 ## - SUBJECT ADDED ENTRY--TOPICAL TERM
Topical Term Inoculum size
650 ## - SUBJECT ADDED ENTRY--TOPICAL TERM
Topical Term Root disease
942 ## - ADDED ENTRY ELEMENTS (KOHA)
Koha item type Journals
Holdings
Withdrawn status Lost status Damaged status Not for loan Home library Current library Shelving location Date acquired Serial Enumeration / chronology Koha item type
      Journals RRII Library RRII Library Pathology 17/12/2021 Volume 19, Issue 4 Journals